Improving supervisors' effectiveness : (Record no. 62015)
[ view plain ]
| 000 -LEADER | |
|---|---|
| fixed length control field | 00906nam a2200265 a 4500 |
| 001 - CONTROL NUMBER | |
| control field | 62015 |
| 003 - CONTROL NUMBER IDENTIFIER | |
| rucl marc code | BD-RjUL |
| 005 - DATE AND TIME OF LATEST TRANSACTION | |
| control field | 20211209081032.0 |
| 008 - FIXED-LENGTH DATA ELEMENTS--GENERAL INFORMATION | |
| fixed length control field | 170122s1985 enka 001 0 eng d |
| 020 ## - INTERNATIONAL STANDARD BOOK NUMBER | |
| International Standard Book Number | 0875896472 |
| 035 ## - SYSTEM CONTROL NUMBER | |
| System control number | (BD-RjUL)62140 |
| 040 ## - CATALOGING SOURCE | |
| Original cataloging agency | BD-RjUL |
| Language of cataloging | eng |
| Transcribing agency | BD-RjUL |
| Modifying agency | BD-RjUL |
| 041 ## - LANGUAGE CODE | |
| Language code of text/sound track or separate title | eng |
| 082 ## - DEWEY DECIMAL CLASSIFICATION NUMBER | |
| Edition number | 23 |
| Classification number | 658.4071245 |
| Author mark and year | PHI 1985 |
| 100 1# - MAIN ENTRY--PERSONAL NAME | |
| Personal name | Phillips, Jack J. |
| Dates associated with a name | 1945- |
| 9 (RLIN) | 184525 |
| 245 10 - TITLE STATEMENT | |
| Title | Improving supervisors' effectiveness : |
| Remainder of title | hoe organizations can raise the performance of their first-level managers / |
| Statement of responsibility, etc. | Jack J. Phillips. |
| 260 ## - PUBLICATION, DISTRIBUTION, ETC. (IMPRINT) | |
| Place of publication, distribution, etc. | San Francisco : |
| Name of publisher, distributor, etc. | Jossey-Bass Publishers, |
| Date of publication, distribution, etc. | c1985. |
| 300 ## - PHYSICAL DESCRIPTION | |
| Pagination | xxiv, 421 p : |
| Illustrations | ill ; |
| Size | 24 cm |
| 490 ## - SERIES STATEMENT | |
| Series statement | Jossey-Bass management series. |
| 500 ## - GENERAL NOTE | |
| General note | Includes index. |
| 650 #0 - SUBJECT ADDED ENTRY--TOPICAL TERM | |
| Topical term or geographic name as entry element | Supervision of employees |
| 9 (RLIN) | 181573 |
| Topical term or geographic name as entry element | Supervisors |
| General subdivision | Training of |
| 9 (RLIN) | 184526 |
| 830 #0 - SERIES ADDED ENTRY--UNIFORM TITLE | |
| Uniform title | Jossey-Bass management series |
| 942 ## - ADDED ENTRY ELEMENTS (KOHA) | |
| Source of classification or shelving scheme | Dewey Decimal Classification |
| Koha item type | Books |
| Lost status | Source of classification or shelving scheme | Damaged status | Not for loan | Collection code | Permanent Location | Current Location | Shelving location | Date acquired | Total Checkouts | Full call number | Date last seen | Copy number | Koha item type |
|---|---|---|---|---|---|---|---|---|---|---|---|---|---|
| Dewey Decimal Classification | Not For Loan | Non-fiction | Central Library, University of Rajshahi | Central Library, University of Rajshahi | Reading Room | 23/06/1994 | 658.4071245 PHI 1985 | 22/01/2017 | C-1 | Books |